[Event "POL-chT DMP Ekstraliga 2019"]
[Site "Katowice"]
[Date "2019.08.28"]
[Round "1.1"]
[White "Huschenbeth, Niclas"]
[Black "Mista, Aleksander"]
[Result "1-0"]
[WhiteElo "2620"]
[BlackElo "2599"]
[Annotator "TA"]
[PlyCount "121"]
[EventDate "2019.08.28"]
[EventType "team-tourn"]
[EventCountry "POL"]
[SourceTitle "playchess.com"]
[Source "ChessBase"]
[SourceQuality "1"]

{[%evp 28,121,44,43,46,42,48,34,87,89,68,72,84,75,77,75,101,91,93,104,180,174,194,176,175,176,189,166,259,259,318,163,166,168,158,154,205,204,264,264,245,250,255,256,275,275,275,275,275,275,274,274,274,274,273,266,264,264,251,242,231,208,231,220,219,210,1216,1216,1216,1216,6474,2456,4806,3344,29937,4794,29959,1527,1522,1522,29968,29956,2271,629,29969,29970,29971,29971,29971,29972,29969,29973,29978,29979,29979,29980]} 1. e4 c5 2. Nf3 d6 3. d4 cxd4 4. Nxd4 Nf6 5. Nc3 g6 6. Be3 Bg7 7. f3 Nc6 8. Qd2 O-O 9. Bc4 Bd7 10. h4 h5 11. O-O-O Ne5 12. Bb3 Rc8 13. Kb1 Nc4 14. Bxc4 Rxc4 15. g4 hxg4 {B78: Sicilian Dragon: Yugoslav Attack, 9 Bc4 Bd7 10 0-0-0 Rc8} 16. h5 $1 {[%cal Rh5h6]} Nxh5 {Threatens to win with ...gxf3.} 17. Rdg1 $146 (17. fxg4 Bxg4 18. Rdg1 e5 19. Ndb5 Bf3 20. Rh3 Bxe4 21. Rxh5 gxh5 22. Nxd6 Rxc3 23. bxc3 {0-1 (36) Stanojoski,Z (2447)-Nikolovski,N (2395) Skopje 2018}) 17... Qc8 (17... Nf6 $14) 18. Nd5 $16 Re8 19. b3 Rc5 20. fxg4 Bxg4 21. Rh4 e6 22. Rhxg4 exd5 {[#]} 23. Nf5 $1 {[%cal Rf5d6][%mdl 576] Pin} Rxe4 (23... d4 $16 24. Bxd4 Bxd4 25. Qxd4 Qe6) (23... gxf5 24. Rxg7+) 24. Rxe4 $18 {And now Ne7+ would win.} (24. Nxd6 $6 Rxg4 25. Nxc8 Rxg1+ 26. Bxg1 Rxc8 $16) 24... Qxf5 25. Re8+ Kh7 26. Bxc5 dxc5 27. Rh1 c4 (27... Qf6 $142 28. c3 Qf5+ 29. Qc2 Qf3) 28. Qe2 Bf6 29. Rf1 (29. bxc4 $6 Kg7 $18) (29. Rf8 $142 Bg7 30. Rf1) 29... Qh3 30. Re3 Qh4 31. Re7 Qd4 (31... Kg7 $16 32. Qe6 (32. Rxb7 Qd4 $16) 32... Bxe7 33. Rxf7+ {[%mdl 64] Double Attack} Kh6 34. Rxe7 (34. Qxe7 Qxe7 35. Rxe7 g5 $16) 34... Nf6 35. Qe3+ (35. Rxb7 Ne4 $18) 35... g5 36. Rxb7 Kg6 37. Rxa7 (37. Qe6 Qh1+ 38. Kb2 c3+ 39. Ka3 Qc1+ 40. Kb4 Qxc2 $11) 37... g4) 32. Rxf7+ Kh6 {[%csl Gf6][%cal Rd4b2] [#]} 33. R7xf6 $1 {[%mdl 512]} Nxf6 {[%mdl 4096] Endgame KQR-KQN} (33... Qxf6 34. Rxf6) 34. Rh1+ Kg5 35. Rd1 Qe4 36. Qd2+ Qf4 {intending ...Qxd2.} 37. Rg1+ Kf5 38. Qxf4+ Kxf4 39. Rxg6 {KR-KN} Ne4 40. Rg7 Nd6 41. Kb2 Ke5 42. Re7+ Kf6 43. Rh7 Ke5 44. Rh5+ Kd4 45. b4 c3+ 46. Kb3 b5 $2 (46... Ne4 47. b5 Nd6) 47. a4 bxa4+ 48. Kxa4 Ke4 49. Rh4+ (49. Rh7 $142 a6 50. Re7+ Kd4 51. Re6) 49... Ke3 50. Rh3+ Kd4 51. Rh7 Ke3 52. Rd7 (52. Rxa7 $142 d4 53. Rc7 Ke2 54. Re7+ Kf2 55. Rd7 d3 56. cxd3 (56. Rxd6 $2 dxc2 57. Rf6+ Ke2 $19) 56... Nc8 57. Kb3) 52... Nc8 53. Kb3 d4 54. b5 Ke4 55. Kb4 (55. Rc7 $142 Nd6 56. Re7+ (56. Rxa7 Nxb5 57. Rd7 Ke5 $16) 56... Kf4 57. Kb4 (57. Rxa7 Nxb5 58. Ra6 Nc7 $18)) 55... Nb6 56. Re7+ {White mates.} Kd5 57. Rxa7 d3 58. cxd3 Kd4 59. Kb3 Kxd3 60. Rc7 Nd5 61. Rc4 {Accuracy: White = 82%, Black = 32%.} 1-0

[Event "POL-chT DMP Ekstraliga 2019"]
[Site "Katowice"]
[Date "2019.08.28"]
[Round "1.2"]
[White "Moranda, Wojciech"]
[Black "Hracek, Zbynek"]
[Result "1/2-1/2"]
[WhiteElo "2597"]
[BlackElo "2572"]
[Annotator "ChessBase"]
[PlyCount "128"]
[EventDate "2019.08.28"]
[EventType "team-tourn"]
[EventCountry "POL"]
[SourceTitle "playchess.com"]
[Source "ChessBase"]
[SourceQuality "1"]
[TimeControl "40/5400+30:1800+30"]

1. e4 {[%emt 0:00:00]} c5 {[%emt 0:01:25]} 2. Nf3 {[%emt 0:00:00]} d6 {[%emt 0:00:20]} 3. d4 {[%emt 0:00:00]} cxd4 {[%emt 0:00:08]} 4. Nxd4 {[%emt 0:00:06]} Nf6 {[%emt 0:00:05]} 5. f3 {[%emt 0:00:13]} Nc6 {[%emt 0:01:01]} 6. c4 {[%emt 0:00:20]} e6 {[%emt 0:05:11]} 7. Nc3 {[%emt 0:00:41]} Be7 {[%emt 0:00:04]} 8. Be3 {[%emt 0:00:13]} O-O {[%emt 0:00:13]} 9. Qd2 {[%emt 0:00:16]} d5 {[%emt 0:00:53]} 10. exd5 {[%emt 0:00:27]} exd5 {[%emt 0:00:05]} 11. O-O-O {[%emt 0:00:12]} Nxd4 {[%emt 0:05:58]} 12. Qxd4 {[%emt 0:00:33]} dxc4 {[%emt 0:03:55]} 13. Qxd8 {[%emt 0:00:52]} Rxd8 {[%emt 0:00:26]} 14. Rxd8+ {[%emt 0:01:01]} Bxd8 {[%emt 0:00:01]} 15. Bxc4 {[%emt 0:00:12]} Bd7 {[%emt 0:04:03]} 16. Rd1 {[%emt 0:07:19]} Rc8 {[%emt 0:01:22]} 17. Bd4 {[%emt 0:02:38]} Rxc4 {[%emt 0:06:54]} 18. Bxf6 {[%emt 0:00:23]} Bxf6 {[%emt 0:00:04]} 19. Rxd7 {[%emt 0:00:13]} h5 {[%emt 0:00:10]} 20. Kc2 {[%emt 0:14:53]} b5 {[%emt 0:12:42]} 21. Rxa7 {[%emt 0:20:51]} b4 {[%emt 0:00:11]} 22. Ra4 {[%emt 0:00:15]} Bxc3 {[%emt 0:02:41]} 23. bxc3 {[%emt 0:00:49]} Rxc3+ {[%emt 0:00:05]} 24. Kd2 {[%emt 0:02:23]} h4 {[%emt 0:03:58]} 25. h3 {[%emt 0:04:14]} Kf8 {[%emt 0:19:04]} 26. Rxb4 {[%emt 0:02:13]} Ra3 {[%emt 0:00:03]} 27. Rb2 {[%emt 0:00:31]} Ke7 {[%emt 0:00:20]} 28. Kc1 {[%emt 0:07:35]} Kd6 {[%emt 0:11:26]} 29. Re2 {[%emt 0:04:00]} Kd5 {[%emt 0:13:28]} 30. Kb2 {[%emt 0:01:51]} Rd3 {[%emt 0:01:54]} 31. Rc2 {[%emt 0:12:51]} g5 {[%emt 0:00:38]} 32. a4 {[%emt 0:01:05]} Kd6 {[%emt 0:00:13]} 33. Re2 {[%emt 0:04:05]} f6 {[%emt 0:00:52]} 34. Kb1 {[%emt 0:01:29]} Ra3 {[%emt 0:05:46]} 35. Ra2 {[%emt 0:01:08]} Re3 {[%emt 0:00:08]} 36. Kc2 {[%emt 0:02:21]} Kc6 {[%emt 0:01:06]} 37. a5 {[%emt 0:04:27]} Kb7 {[%emt 0:00:27]} 38. Kd2 {[%emt 0:03:30]} Rb3 {[%emt 0:00:15]} 39. a6+ {[%emt 0:00:20]} Ka7 {[%emt 0:00:04]} 40. Ke2 {[%emt 0:00:00]} Rc3 {[%emt 0:00:00]} 41. Kf2 {[%emt 0:01:45]} Rc6 {[%emt 0:13:30]} 42. Ke3 {[%emt 0:08:58]} Re6+ {[%emt 0:00:24]} 43. Kd3 {[%emt 0:00:49]} Re5 {[%emt 0:01:45]} 44. Kd4 {[%emt 0:04:33]} Re1 {[%emt 0:00:43]} 45. Kd3 {[%emt 0:03:23]} Re5 {[%emt 0:01:21]} 46. Ra4 {[%emt 0:04:28]} Rb5 {[%emt 0:01:09]} 47. Ke2 {[%emt 0:03:17]} Rb2+ {[%emt 0:03:46]} 48. Kf1 {[%emt 0:00:10]} Rb1+ {[%emt 0:00:07]} 49. Kf2 {[%emt 0:00:04]} Rb2+ {[%emt 0:00:08]} 50. Kg1 {[%emt 0:00:04]} Rb1+ {[%emt 0:01:08]} 51. Kh2 {[%emt 0:00:04]} Rb5 {[%emt 0:07:08]} 52. f4 {[%emt 0:00:34]} Rc5 {[%emt 0:02:06]} 53. Re4 {[%emt 0:05:15]} Rf5 {[%emt 0:00:05]} 54. fxg5 {[%emt 0:01:31]} fxg5 {[%emt 0:00:01]} 55. Re6 {[%emt 0:01:08]} Ra5 {[%emt 0:02:24]} 56. Rg6 {[%emt 0:01:27]} Rb5 {[%emt 0:00:20]} 57. Kg1 {[%emt 0:01:14]} Rf5 {[%emt 0:01:39]} 58. Rd6 {[%emt 0:01:17]} Ra5 {[%emt 0:00:45]} 59. Rg6 {[%emt 0:01:04]} Rf5 {[%emt 0:00:07]} 60. g3 {[%emt 0:00:23]} Ra5 {[%emt 0:00:47]} 61. gxh4 {[%emt 0:00:29]} gxh4 {[%emt 0:00:03]} 62. Rh6 {[%emt 0:00:08]} Rxa6 {[%emt 0:01:02]} 63. Rxh4 {[%emt 0:00:05]} Kb7 {[%emt 0:00:30]} 64. Rd4 {[%emt 0:02:00]} Kc7 1/2-1/2

[Event "POL-chT DMP Ekstraliga 2019"]
[Site "Katowice"]
[Date "2019.08.28"]
[Round "1.3"]
[White "Markowski, Tomasz"]
[Black "Dziuba, Marcin"]
[Result "1-0"]
[WhiteElo "2537"]
[BlackElo "2568"]
[Annotator "TA"]
[PlyCount "63"]
[EventDate "2019.08.28"]
[EventType "team-tourn"]
[EventCountry "POL"]
[SourceTitle "playchess.com"]
[Source "ChessBase"]
[SourceQuality "1"]

{[%evp 11,63,12,32,28,39,47,64,47,81,47,47,57,57,62,56,29,34,28,30,22,52,59,141,118,125,128,142,125,221,206,196,216,385,113,129,124,214,217,208,196,316,146,768,762,709,659,29975,29976,29976,29975,29987,29988,29988,29989]} 1. e4 c5 2. Nf3 Nc6 3. Bb5 g6 4. Bxc6 bxc6 5. O-O Bg7 6. Re1 Nh6 7. c3 {B31: Sicilian: 2...Nc6 3 Bb5 g6} d5 8. d3 O-O 9. h3 {White is slightly better.} Ba6 $146 ({Predecessor:} 9... c4 10. dxc4 dxe4 11. Qxd8 Rxd8 12. Rxe4 e5 13. Re1 f6 14. Nbd2 Nf7 15. Ne4 f5 {1-0 (58) Anand,V (2776)-Gelfand,B (2743) Moscow 2016}) 10. Bf4 f6 11. e5 Nf7 12. e6 Nd6 13. Na3 Qb6 14. Qd2 Rfd8 15. Rad1 g5 16. Bh2 c4 (16... Bc8 $14) 17. Bxd6 Rxd6 18. dxc4 dxc4 19. Qe2 {Threatens to win with Rxd6.} Rad8 (19... Rd3 $16 {might work better.}) 20. Rxd6 $18 Rxd6 {[#]} 21. Nd4 $1 {[%cal Rd4f5]} Rd8 $2 (21... Qd8 22. Qf3 (22. Nxc4 Rd5 $16) 22... Qe8) 22. Nxc4 $2 (22. Qh5 $18 Kh8 23. Nf5) 22... Qc5 $16 23. b3 f5 (23... Bf8 $16 {was necessary.}) 24. Qh5 $18 Bxc4 25. bxc4 Bf6 (25... f4 {is a better defense.} 26. h4 Kh8) 26. h4 (26. Nf3 $18 {is the precise move to win.}) 26... Qxc4 $2 {[%mdl 8192]} (26... gxh4 $16 27. Nxf5 Kh8) 27. hxg5 Qxc3 28. Nf3 Bg7 29. Qf7+ {[%mdl 64] [#] Double Attack. White mates.} Kh8 30. Qxe7 {[%mdl 64] Double Attack} Qa5 31. Qf7 Rf8 32. Qh5 {Accuracy: White = 56%, Black = 33%.} 1-0

[Event "POL-chT DMP Ekstraliga 2019"]
[Site "Katowice"]
[Date "2019.08.28"]
[Round "1.4"]
[White "Michalik, Peter"]
[Black "Nasuta, Grzegorz"]
[Result "1-0"]
[WhiteElo "2573"]
[BlackElo "2533"]
[Annotator "TA"]
[PlyCount "73"]
[EventDate "2019.08.28"]
[EventType "team-tourn"]
[EventCountry "POL"]
[SourceTitle "playchess.com"]
[Source "ChessBase"]
[SourceQuality "1"]

{[%evp 24,73,23,25,21,9,10,16,18,7,10,0,0,-27,0,-14,0,0,0,0,19,0,49,47,79,64,76,68,361,110,110,110,110,110,111,111,119,116,173,141,134,141,168,167,411,416,338,320,536,535,516,522]} 1. e4 e5 2. Nf3 Nc6 3. Bb5 a6 4. Ba4 Nf6 5. O-O Be7 6. Re1 b5 7. Bb3 d6 8. c3 O-O 9. h3 Nb8 10. d4 Nbd7 11. Nbd2 Bb7 12. Bc2 c5 13. d5 c4 {C95: Closed Ruy Lopez: Breyer Variation with 10 d4} 14. Nf1 (14. b4 cxb3 15. axb3 Qc7 16. Bb2 Rfb8 17. Bd3 Nc5 18. Bf1 a5 19. Rc1 b4 20. cxb4 axb4 21. Nc4 {1-0 (55) Zhigalko,S (2604)-Postny,E (2615) St Petersburg 2018}) 14... Qc7 15. Ng3 g6 {The position is equal.} 16. Bh6 Rfb8 17. Nh2 a5 $146 ({Predecessor:} 17... Qd8 18. Qd2 Kh8 19. Rf1 Ng8 20. Be3 Bh4 21. Ne2 {1-0 (34) Beeck,M (2114)-Pfreundt,J (2248) Willingen 2016}) 18. Rf1 Ba6 19. f4 exf4 20. Rxf4 Ne5 21. Qd2 Nfd7 22. Raf1 Qd8 23. Ne2 Bg5 24. Bxg5 Qxg5 25. Nd4 Ra7 $2 {[%mdl 8192]} (25... b4 $1 $14) 26. Ng4 $2 (26. Qf2 $18 {and White stays clearly on top.}) 26... Nxg4 $16 27. Nc6 {[#] Threatens to win with Qd4.} Rab7 28. Nxb8 Rxb8 29. hxg4 Ne5 30. Qf2 {Black must now prevent Qa7.} Rb7 (30... Qe7 $16) 31. Qg3 b4 32. Bd1 Kg7 {[#]} 33. Rf6 $1 bxc3 $2 (33... Rd7 {was called for.} 34. Qf2 bxc3) (33... Qxf6 34. Rxf6) 34. Qxc3 $18 Rd7 35. Ba4 Re7 $2 (35... Ra7 {was necessary.} 36. Rxd6 Bc8) 36. Rxd6 Bc8 37. Rdf6 {Accuracy: White = 48%, Black = 41%.} 1-0

[Event "POL-chT DMP Ekstraliga 2019"]
[Site "Katowice"]
[Date "2019.08.28"]
[Round "1.5"]
[White "Jakubowski, Krzysztof"]
[Black "Plat, Vojtech"]
[Result "1/2-1/2"]
[WhiteElo "2518"]
[BlackElo "2561"]
[Annotator "TA"]
[PlyCount "64"]
[EventDate "2019.08.28"]
[EventType "team-tourn"]
[EventCountry "POL"]
[SourceTitle "playchess.com"]
[Source "ChessBase"]
[SourceQuality "1"]

{[%evp 15,64,16,30,30,70,68,57,43,61,58,108,100,129,133,115,93,81,91,110,104,129,72,80,68,70,56,139,127,167,118,119,116,111,88,88,87,88,88,88,84,88,77,72,21,21,21,36,21,24,0,32]} 1. e4 e5 2. Nf3 Nc6 3. Bc4 Be7 4. d4 exd4 5. Nxd4 d6 6. Nc3 Nf6 7. O-O O-O 8. Re1 Ne5 9. Bf1 {C50: Hungarian Defence and Giuoco Pianissimo} c5 (9... Bg4 10. f3 c5 11. Nb3 Be6 12. Be3 Qb6 13. h3 Rad8 14. f4 Nc4 15. Bxc4 Bxc4 16. Qf3 Ne8 {½-½ (93) Hajnal,Z (2349)-Sandipan,C (2628) Lugano 2013}) 10. Nf5 $146 ({Predecessor:} 10. Nf3 Bg4 11. Be2 Bd7 12. Bf4 Qc7 13. Bg3 a6 14. a4 Bc6 15. Nd2 Rad8 16. Bf1 g6 {1-0 (47) Kristovic,M (2284)-Frouth,N (2152) Zagreb 2016}) 10... Bxf5 11. exf5 {White is slightly better.} Nc6 12. g4 Nd7 13. Bg2 Nb6 14. a4 a5 15. Nd5 Nxd5 16. Bxd5 Bh4 17. Ra3 Qf6 18. Re4 (18. Rb3 $142) 18... Rae8 $16 19. Rae3 Rxe4 20. Rxe4 Qd8 (20... Ne7 $14) 21. Bf4 Ne5 22. h3 ({Don't do} 22. Bxe5 $6 dxe5 23. Rxe5 Bf6 $14) 22... h6 23. b3 b6 24. Bxe5 dxe5 25. Rxe5 Re8 26. Rxe8+ Qxe8 27. Kg2 Qe5 28. Bc4 Qe4+ {[#]} 29. Qf3 (29. Kg1 $1 $16) 29... Qxc2 $11 30. Qe3 {f6! is the strong threat.} Qb2 31. Qe8+ Kh7 32. Qe3 Kg8 {Accuracy: White = 64%, Black = 49%.} 1/2-1/2

[Event "POL-chT DMP Ekstraliga 2019"]
[Site "Katowice"]
[Date "2019.08.28"]
[Round "1.6"]
[White "Majdan, Joanna"]
[Black "Buksa, Nataliya"]
[Result "0-1"]
[WhiteElo "2368"]
[BlackElo "2406"]
[Annotator "TA"]
[PlyCount "58"]
[EventDate "2019.08.28"]
[EventType "team-tourn"]
[EventCountry "POL"]
[SourceTitle "playchess.com"]
[Source "ChessBase"]
[SourceQuality "1"]

{[%evp 10,62,31,17,17,24,21,17,17,0,0,0,36,38,86,89,97,5,30,9,33,38,44,0,-29,0,0,-139,-150,-354,-305,-407,-390,-500,-510,-475,-448,-562,-572,-648,-638,-670,-643,-818,-825,-741,-778,-963,-952,-968,-1025,-1010,-1008,-977,-943]} 1. e4 c5 2. Nf3 Nc6 3. Bb5 g6 4. Bxc6 dxc6 5. d3 Bg7 6. h3 b6 {B31: Sicilian: 2...Nc6 3 Bb5 g6} (6... Nf6 7. Nc3 Nd7 8. Be3 e5 9. Qd2 h6 10. a3 b6 11. b4 Nf8 12. bxc5 Ne6 13. cxb6 axb6 14. Qc1 f5 15. a4 f4 16. Bd2 O-O 17. Qb2 {0-1 (51) Meier,G (2628)-Caruana,F (2819) Karlsruhe/Baden Baden 2019}) 7. O-O Nf6 8. Nc3 Nd7 {The position is equal.} 9. a3 Nf8 $146 ({Predecessor:} 9... a5 10. Nd2 e5 11. Nc4 O-O 12. f4 exf4 13. Bxf4 Ba6 14. Bd6 Re8 15. Qf3 Bxc4 16. dxc4 {0-1 (34) Jumabayev,R (2602)-Le,Q (2714) St Petersburg 2018}) 10. Be3 a5 11. Qd2 e5 12. Bh6 Bf6 {[#]} 13. Nh2 ({Better is} 13. b4 $1 $16) 13... Ne6 $11 14. Nd1 g5 15. Ne3 Rg8 16. b4 (16. Rae1 $14) 16... cxb4 17. axb4 a4 18. b5 (18. Nhg4 $11) 18... cxb5 $17 19. Qb4 $2 {[#]} (19. Rad1 $17 {might work better.}) 19... Nd4 $1 $19 20. Nhg4 Be7 21. Qb1 Bxg4 {Black is clearly winning.} 22. Nxg4 Qc7 23. Rc1 b4 24. Kf1 b5 25. Qa2 Rg6 26. h4 gxh4 27. f3 Rc8 28. Be3 h5 29. Nh6 Bc5 {Played: Be7-g5} 0-1

[Event "POL-chT DMP Ekstraliga 2019"]
[Site "Katowice"]
[Date "2019.08.28"]
[Round "1.7"]
[White "Kempinski, Robert"]
[Black "Wojtaszek, Radoslaw"]
[Result "0-1"]
[WhiteElo "2579"]
[BlackElo "2739"]
[Annotator "TA"]
[PlyCount "70"]
[EventDate "2019.08.28"]
[EventType "team-tourn"]
[EventCountry "POL"]
[SourceTitle "playchess.com"]
[Source "ChessBase"]
[SourceQuality "1"]

{[%evp 15,70,14,15,15,12,20,7,0,16,-5,-7,-15,0,-13,14,0,0,0,0,0,0,-12,-9,-15,0,-27,-13,-21,-13,-18,0,-7,-9,-16,-14,-36,-41,-20,-33,-23,-21,-39,-36,-213,-213,-213,-217,-358,-360,-491,-486,-507,-431,-516,-512,-526,-486]} 1. d4 Nf6 2. c4 e6 3. Nf3 d5 4. Nc3 dxc4 5. e4 Bb4 6. Bg5 h6 7. Bxf6 Qxf6 8. Bxc4 c5 9. e5 {D39: Queen's Gambit Declined: Ragozin Defence with 5 Bg5 dxc4} Qd8 10. O-O cxd4 11. Ne2 $146 {The position is equal.} ({Predecessor:} 11. Ne4 O-O 12. Qe2 Be7 13. Rad1 Qc7 14. Bd3 Nd7 15. Rc1 Qa5 16. g4 Nxe5 17. Nxe5 Qxe5 {0-1 (38) Aronian,L (2794)-Caruana,F (2784) Berlin 2018}) 11... O-O 12. Nexd4 Qb6 13. Qe2 Rd8 14. Rad1 Nd7 15. a3 Be7 16. Rd2 Nf8 17. Rfd1 Bd7 18. Bb5 Rac8 19. g3 Bxb5 20. Qxb5 Qc7 21. Qe2 a6 22. h4 Rd7 23. Qe4 Rcd8 24. Ne2 Rxd2 25. Rxd2 Rxd2 26. Nxd2 Nd7 27. Nf3 $1 Nb6 28. Nf4 Nc4 29. Nd3 $2 {[#]} (29. Qc2 $15) 29... Nxb2 $1 $19 {[%mdl 576] Deflection, Decoy} 30. Nxb2 {Strongly threatening Nc4.} Qc1+ {[%mdl 64] Double Attack} 31. Kg2 (31. Nd1 $142 Qxd1+ 32. Kg2) 31... Qxb2 32. Qc4 Bxa3 {Black is clearly winning.} 33. Nd4 Qb6 34. Qc8+ Bf8 35. Qd7 Qc5 {Accuracy: White = 18%, Black = 83%.} 0-1

[Event "POL-chT DMP Ekstraliga 2019"]
[Site "Katowice"]
[Date "2019.08.28"]
[Round "1.8"]
[White "Navara, David"]
[Black "Shevchenko, Kirill"]
[Result "1/2-1/2"]
[WhiteElo "2724"]
[BlackElo "2556"]
[Annotator "TA"]
[PlyCount "85"]
[EventDate "2019.08.28"]
[EventType "team-tourn"]
[EventCountry "POL"]
[SourceTitle "playchess.com"]
[Source "ChessBase"]
[SourceQuality "1"]

{[%evp 9,85,20,16,12,26,16,29,10,31,29,37,37,46,32,20,8,8,-4,-4,-4,-1,-16,-30,-24,0,0,0,0,0,0,0,0,0,0,20,0,0,0,0,0,0,0,0,0,0,0,0,0,0,0,0,0,0,0,0,0,0,0,0,0,0,0,0,0,0,0,0,0,0,0,0,0,0,0,0,0,0,0]} 1. e4 c5 2. Nf3 d6 3. Bb5+ Nd7 4. c3 Ngf6 5. Bd3 (5. Qe2 a6 6. Ba4 b5 7. Bc2 Bb7 8. d4 g6 9. O-O Bg7 10. e5 dxe5 11. dxe5 Bxf3 12. gxf3 Nd5 13. e6 N7f6 14. c4 bxc4 15. exf7+ Kxf7 {0-1 (31) Mamedov,R (2701)-Nepomniachtchi,I (2771) Astana 2019}) 5... g6 6. Bc2 {B51: Sicilian: Moscow Variation (3 Bb5+) without 3...Bd7} Bg7 7. d4 O-O 8. O-O {White has an edge.} e5 9. dxe5 Nxe5 10. Nxe5 dxe5 11. Qxd8 $146 ({Predecessor:} 11. Qe2 Bg4 12. f3 Be6 {0-1 (46) Anton Guijarro,D (2642)-Potkin,V (2597) St Petersburg 2018}) 11... Rxd8 12. Bg5 h6 13. Bxf6 Bxf6 14. Bb3 b5 {White should prevent ...Bb7.} 15. Bd5 Rb8 16. Na3 Bb7 17. Bxb7 {The position is equal.} Rxb7 18. Rfd1 Rbd7 19. Rxd7 Rxd7 $11 {[%mdl 4096] Endgame KRB-KRN} 20. Kf1 a6 21. Ke2 c4 22. Nc2 Bg5 {[#] aiming for ...Rd2+.} 23. Rd1 Rxd1 24. Kxd1 {KB-KN} Be7 $1 25. f3 Bc5 26. b4 cxb3 $1 27. axb3 Kf8 28. Kd2 Ke7 29. b4 Bg1 30. h3 Kd6 31. Kd3 h5 32. g4 h4 33. Na1 g5 34. Nb3 Bb6 35. Nc1 f6 36. Ne2 Kc6 37. c4 Bd8 38. Nc3 Be7 39. Nd5 Bd8 40. Kc3 Kd6 41. Ne3 Kd7 42. Kb3 Be7 43. Nd5 {Accuracy: White = 74%, Black = 84%.} 1/2-1/2

[Event "POL-chT DMP Ekstraliga 2019"]
[Site "Katowice"]
[Date "2019.08.28"]
[Round "1.9"]
[White "Kriebel, Tadeas"]
[Black "Socko, Bartosz"]
[Result "1/2-1/2"]
[WhiteElo "2531"]
[BlackElo "2625"]
[Annotator "TA"]
[PlyCount "69"]
[EventDate "2019.08.28"]
[EventType "team-tourn"]
[EventCountry "POL"]
[SourceTitle "playchess.com"]
[Source "ChessBase"]
[SourceQuality "1"]

{[%evp 20,69,16,15,14,-9,0,-8,16,-13,24,6,26,0,0,20,0,0,0,-14,-7,-20,0,-23,0,-74,-85,-92,0,0,0,-66,0,0,55,49,60,60,49,0,0,0,0,0,0,0,0,0,0,0,0,0]} 1. e4 c5 2. Nf3 d6 3. d4 cxd4 4. Nxd4 Nf6 5. Nc3 Nc6 6. Bg5 e6 7. Qd2 Be7 8. O-O-O O-O 9. h4 a6 10. f3 Nxd4 11. Qxd4 b5 {B63: Sicilian: Richter-Rauzer: 7...Be7 and unusual Black 7th moves} 12. a3 (12. Kb1 Bb7 13. Qd2 Rc8 14. Ne2 Re8 15. Nd4 Nd7 16. Bd3 d5 17. Rhe1 dxe4 18. Bxe4 Bxe4 19. Rxe4 Nf6 20. Ree1 Qc7 {0-1 (47) Grischuk,A (2752)-Wang,H (2736) Beijing 2011}) 12... Bb7 13. Kb1 Rc8 14. g4 d5 15. e5 $1 {[%cal Re5f6]} Nd7 16. f4 $146 ({Predecessor:} 16. Qe3 Bc5 17. Qe1 Qc7 18. f4 b4 19. axb4 Bxb4 20. Rh3 Qa5 21. Rdd3 Nc5 {0-1 (47) Bulmaga,I (2394)-Lagno,K (2543) Riga 2017}) 16... f6 17. exf6 Nxf6 18. Bh3 Qa5 {Threatens to win with ...Bxa3!} 19. Rhe1 {[#]} Bxa3 $1 {[%mdl 512]} 20. Na2 (20. bxa3 Rxc3) 20... Bc5 21. Qe5 Rce8 22. h5 (22. Bxf6 $1 $11 {keeps the balance.} gxf6 23. Qh5) 22... Nd7 $17 23. Qe2 h6 ({Better is} 23... e5 $17 {...h6 is the strong threat.} 24. h6 g6) 24. Bxh6 $11 gxh6 25. g5 (25. Qd3 $1 $11 Re7 26. g5) 25... Kh8 (25... Rxf4 $15 26. Qg2 Kh8 27. Bxe6 Qc7 28. gxh6 Ne5 29. Qg7+ Qxg7 30. hxg7+ Kxg7 31. Rxe5 Kf6 {[%mdl 64] Double Attack} 32. Bxd5 (32. Rde1 $2 Bf2 $19) 32... Rxe5 33. Bxb7 Rxh5 34. Bxa6 b4) 26. Qd3 $1 Qb6 (26... hxg5 $11 27. Rxe6 Rxe6 28. Bxe6 Qc7 29. Bxd7 d4) 27. Qg6 $14 e5 $1 {aiming for ...Rg8.} 28. Bxd7 Re7 $1 {[%cal Re7d7]} 29. Rxe5 Rxd7 {The position is equal.} 30. Re6 Qc7 31. Rde1 Qxf4 {[#]} 32. Re7 $3 {[%mdl 512]} Rxe7 (32... Bxe7 33. Qxh6+) 33. Rxe7 Bxe7 34. Qxh6+ Kg8 35. Qg6+ {Accuracy: White = 65%, Black = 57%.} 1/2-1/2